000 01049cab a22001935a 4500
001 L142943
008 080325s2008 xxk f 000 0 eng d
035 _a(Sirsi) u142943
041 0 _aeng
100 1 _aHibberd, Georgina
245 0 0 _aPower tools for pros
260 _c2008
490 0 _aRICS Business
_vMarch 2008, 22-23(2)
520 _aInvestigates the growing use of Automated Valuation Models (AVMs) and Computer Aided Mass Appraisal (CAMA) systems. AVMs are most commonly used for assessments for lending purposes, although lenders are now using them to risk assess manual valuations, and models have been developed for repossessions and the buy-to-let mortgage market. Other uses of AVM and CAMA technology include disaster recovery, compulsory purchase and compensation, and eventually commercial valuations. However, argues that AVM technology is not likely to replace the skilled work of surveyors and valuers.
590 _aKA
651 4 _aInternational
690 _aPROPERTY-PROPERTY APPRAISAL AND VALUATION
942 _n0
999 _c79982
_d79982